<?xml version="1.0" encoding="UTF-8"?>
<record
    xmlns:xsi="http://www.w3.org/2001/XMLSchema-instance"
    xsi:schemaLocation="http://www.loc.gov/MARC21/slim http://www.loc.gov/standards/marcxml/schema/MARC21slim.xsd"
    xmlns="http://www.loc.gov/MARC21/slim">

  <leader>00853nam a2200277Ia 4500</leader>
  <controlfield tag="005">20220826135944.0</controlfield>
  <controlfield tag="008">210716s2004    xx            000 0 und d</controlfield>
  <datafield tag="020" ind1=" " ind2=" ">
    <subfield code="a">8177220136</subfield>
  </datafield>
  <datafield tag="040" ind1=" " ind2=" ">
    <subfield code="c">AIMIT LIBRARY</subfield>
  </datafield>
  <datafield tag="041" ind1=" " ind2=" ">
    <subfield code="a">eng</subfield>
  </datafield>
  <datafield tag="082" ind1=" " ind2=" ">
    <subfield code="a">006.37 </subfield>
    <subfield code="2">1</subfield>
    <subfield code="b">ANDT</subfield>
  </datafield>
  <datafield tag="100" ind1=" " ind2=" ">
    <subfield code="a">Anderson, Tim.</subfield>
    <subfield code="9">55596</subfield>
  </datafield>
  <datafield tag="245" ind1=" " ind2=" ">
    <subfield code="a">Visual basic 6 in easy steps.</subfield>
    <subfield code="c">By Tim Anderson</subfield>
  </datafield>
  <datafield tag="250" ind1=" " ind2=" ">
    <subfield code="a">1st ed.</subfield>
  </datafield>
  <datafield tag="260" ind1=" " ind2=" ">
    <subfield code="a">New Delhi :</subfield>
    <subfield code="b">Dreamtech Press ,</subfield>
    <subfield code="c">2004.</subfield>
  </datafield>
  <datafield tag="300" ind1=" " ind2=" ">
    <subfield code="a">186,6p. ;</subfield>
    <subfield code="b">PB :</subfield>
    <subfield code="c">23.5 cm.</subfield>
  </datafield>
  <datafield tag="650" ind1=" " ind2=" ">
    <subfield code="a">Visual Basic</subfield>
    <subfield code="9">55597</subfield>
  </datafield>
  <datafield tag="650" ind1=" " ind2=" ">
    <subfield code="a">Controls Explained</subfield>
    <subfield code="9">55598</subfield>
  </datafield>
  <datafield tag="650" ind1=" " ind2=" ">
    <subfield code="a">Basic Essentials</subfield>
    <subfield code="9">55599</subfield>
  </datafield>
  <datafield tag="650" ind1=" " ind2=" ">
    <subfield code="a">Visual Basic Tools</subfield>
    <subfield code="9">55600</subfield>
  </datafield>
  <datafield tag="650" ind1=" " ind2=" ">
    <subfield code="a">Creating Databases</subfield>
    <subfield code="9">55601</subfield>
  </datafield>
  <datafield tag="650" ind1=" " ind2=" ">
    <subfield code="a">Visual Basic in office</subfield>
    <subfield code="9">55602</subfield>
  </datafield>
  <datafield tag="650" ind1=" " ind2=" ">
    <subfield code="a">Visual Basic and the Internet</subfield>
    <subfield code="9">55603</subfield>
  </datafield>
  <datafield tag="650" ind1=" " ind2=" ">
    <subfield code="a">Tips for Experts</subfield>
    <subfield code="9">55604</subfield>
  </datafield>
  <datafield tag="942" ind1=" " ind2=" ">
    <subfield code="2">ddc</subfield>
    <subfield code="c">BK</subfield>
    <subfield code="e">1st</subfield>
    <subfield code="k">006.37 ANDT</subfield>
  </datafield>
  <datafield tag="999" ind1=" " ind2=" ">
    <subfield code="c">186565</subfield>
    <subfield code="d">186565</subfield>
  </datafield>
  <datafield tag="952" ind1=" " ind2=" ">
    <subfield code="0">0</subfield>
    <subfield code="1">0</subfield>
    <subfield code="2">ddc</subfield>
    <subfield code="4">0</subfield>
    <subfield code="7">3</subfield>
    <subfield code="8">MCA</subfield>
    <subfield code="a">AIMIT</subfield>
    <subfield code="b">AIMIT</subfield>
    <subfield code="e">Sita Book House</subfield>
    <subfield code="g">79.00</subfield>
    <subfield code="i">Bill no:5696; Bill dt:2004-07-12</subfield>
    <subfield code="l">0</subfield>
    <subfield code="o">006.37 ANDT</subfield>
    <subfield code="p">MCA06073</subfield>
    <subfield code="r">2025-07-21 00:00:00</subfield>
    <subfield code="v">59.25</subfield>
    <subfield code="w">2021-07-16</subfield>
    <subfield code="y">BK</subfield>
  </datafield>
  <datafield tag="952" ind1=" " ind2=" ">
    <subfield code="0">0</subfield>
    <subfield code="1">0</subfield>
    <subfield code="2">ddc</subfield>
    <subfield code="4">0</subfield>
    <subfield code="7">0</subfield>
    <subfield code="8">MCA</subfield>
    <subfield code="a">AIMIT</subfield>
    <subfield code="b">AIMIT</subfield>
    <subfield code="e">Sita Book House</subfield>
    <subfield code="g">79.00</subfield>
    <subfield code="i">Bill no:5696; Bill dt:2004-07-12</subfield>
    <subfield code="l">0</subfield>
    <subfield code="o">006.37 ANDT</subfield>
    <subfield code="p">MCA06074</subfield>
    <subfield code="r">2025-07-21 00:00:00</subfield>
    <subfield code="v">59.25</subfield>
    <subfield code="w">2021-07-16</subfield>
    <subfield code="y">BK</subfield>
  </datafield>
  <datafield tag="952" ind1=" " ind2=" ">
    <subfield code="0">0</subfield>
    <subfield code="1">0</subfield>
    <subfield code="2">ddc</subfield>
    <subfield code="4">0</subfield>
    <subfield code="7">0</subfield>
    <subfield code="8">MCA</subfield>
    <subfield code="a">AIMIT</subfield>
    <subfield code="b">AIMIT</subfield>
    <subfield code="e">Sita Book House</subfield>
    <subfield code="g">79.00</subfield>
    <subfield code="i">Bill no:5696; Bill dt:2004-07-12</subfield>
    <subfield code="l">0</subfield>
    <subfield code="o">006.37 ANDT</subfield>
    <subfield code="p">MCA06075</subfield>
    <subfield code="r">2025-07-21 00:00:00</subfield>
    <subfield code="v">59.25</subfield>
    <subfield code="w">2021-07-16</subfield>
    <subfield code="y">BK</subfield>
  </datafield>
  <datafield tag="952" ind1=" " ind2=" ">
    <subfield code="0">0</subfield>
    <subfield code="1">0</subfield>
    <subfield code="2">ddc</subfield>
    <subfield code="4">0</subfield>
    <subfield code="7">0</subfield>
    <subfield code="8">MCA</subfield>
    <subfield code="a">AIMIT</subfield>
    <subfield code="b">AIMIT</subfield>
    <subfield code="e">Sita Book House</subfield>
    <subfield code="g">79.00</subfield>
    <subfield code="i">Bill no:5696; Bill dt:2004-07-12</subfield>
    <subfield code="l">0</subfield>
    <subfield code="o">006.37 ANDT</subfield>
    <subfield code="p">MCA06076</subfield>
    <subfield code="r">2025-07-21 00:00:00</subfield>
    <subfield code="v">59.25</subfield>
    <subfield code="w">2021-07-16</subfield>
    <subfield code="y">BK</subfield>
  </datafield>
  <datafield tag="952" ind1=" " ind2=" ">
    <subfield code="0">0</subfield>
    <subfield code="1">0</subfield>
    <subfield code="2">ddc</subfield>
    <subfield code="4">0</subfield>
    <subfield code="7">0</subfield>
    <subfield code="8">MCA</subfield>
    <subfield code="a">AIMIT</subfield>
    <subfield code="b">AIMIT</subfield>
    <subfield code="e">Sita Book House</subfield>
    <subfield code="g">79.00</subfield>
    <subfield code="i">Bill no:5696; Bill dt:2004-07-12</subfield>
    <subfield code="l">0</subfield>
    <subfield code="o">006.37 ANDT</subfield>
    <subfield code="p">MCA06077</subfield>
    <subfield code="r">2025-07-21 00:00:00</subfield>
    <subfield code="v">59.25</subfield>
    <subfield code="w">2021-07-16</subfield>
    <subfield code="y">BK</subfield>
  </datafield>
  <datafield tag="952" ind1=" " ind2=" ">
    <subfield code="0">0</subfield>
    <subfield code="1">0</subfield>
    <subfield code="2">ddc</subfield>
    <subfield code="4">0</subfield>
    <subfield code="7">0</subfield>
    <subfield code="8">MCA</subfield>
    <subfield code="a">AIMIT</subfield>
    <subfield code="b">AIMIT</subfield>
    <subfield code="e">Sita Book House</subfield>
    <subfield code="g">79.00</subfield>
    <subfield code="i">Bill no:5696; Bill dt:2004-07-12</subfield>
    <subfield code="l">0</subfield>
    <subfield code="o">006.37 ANDT</subfield>
    <subfield code="p">MCA06078</subfield>
    <subfield code="r">2025-07-21 00:00:00</subfield>
    <subfield code="v">59.25</subfield>
    <subfield code="w">2021-07-16</subfield>
    <subfield code="y">BK</subfield>
  </datafield>
  <datafield tag="952" ind1=" " ind2=" ">
    <subfield code="0">0</subfield>
    <subfield code="1">0</subfield>
    <subfield code="2">ddc</subfield>
    <subfield code="4">0</subfield>
    <subfield code="7">0</subfield>
    <subfield code="8">MCA</subfield>
    <subfield code="a">AIMIT</subfield>
    <subfield code="b">AIMIT</subfield>
    <subfield code="e">Sita Book House</subfield>
    <subfield code="g">79.00</subfield>
    <subfield code="i">Bill no:5696; Bill dt:2004-07-12</subfield>
    <subfield code="l">0</subfield>
    <subfield code="o">006.37 ANDT</subfield>
    <subfield code="p">MCA06079</subfield>
    <subfield code="r">2025-07-21 00:00:00</subfield>
    <subfield code="v">59.25</subfield>
    <subfield code="w">2021-07-16</subfield>
    <subfield code="y">BK</subfield>
  </datafield>
  <datafield tag="952" ind1=" " ind2=" ">
    <subfield code="0">0</subfield>
    <subfield code="1">0</subfield>
    <subfield code="2">ddc</subfield>
    <subfield code="4">0</subfield>
    <subfield code="7">0</subfield>
    <subfield code="8">MCA</subfield>
    <subfield code="a">AIMIT</subfield>
    <subfield code="b">AIMIT</subfield>
    <subfield code="e">Sita Book House</subfield>
    <subfield code="g">79.00</subfield>
    <subfield code="i">Bill no:5696; Bill dt:2004-07-12</subfield>
    <subfield code="l">0</subfield>
    <subfield code="o">006.37 ANDT</subfield>
    <subfield code="p">MCA06080</subfield>
    <subfield code="r">2025-07-21 00:00:00</subfield>
    <subfield code="v">59.25</subfield>
    <subfield code="w">2021-07-16</subfield>
    <subfield code="y">BK</subfield>
  </datafield>
  <datafield tag="952" ind1=" " ind2=" ">
    <subfield code="0">0</subfield>
    <subfield code="1">0</subfield>
    <subfield code="2">ddc</subfield>
    <subfield code="4">0</subfield>
    <subfield code="7">0</subfield>
    <subfield code="8">MCA</subfield>
    <subfield code="a">AIMIT</subfield>
    <subfield code="b">AIMIT</subfield>
    <subfield code="e">Sita Book House</subfield>
    <subfield code="g">79.00</subfield>
    <subfield code="i">Bill no:5696; Bill dt:2004-07-12</subfield>
    <subfield code="l">0</subfield>
    <subfield code="o">006.37 ANDT</subfield>
    <subfield code="p">MCA06081</subfield>
    <subfield code="r">2025-07-21 00:00:00</subfield>
    <subfield code="v">59.25</subfield>
    <subfield code="w">2021-07-16</subfield>
    <subfield code="y">BK</subfield>
  </datafield>
  <datafield tag="952" ind1=" " ind2=" ">
    <subfield code="0">0</subfield>
    <subfield code="1">0</subfield>
    <subfield code="2">ddc</subfield>
    <subfield code="4">0</subfield>
    <subfield code="7">0</subfield>
    <subfield code="8">MCA</subfield>
    <subfield code="a">AIMIT</subfield>
    <subfield code="b">AIMIT</subfield>
    <subfield code="e">Sita Book House</subfield>
    <subfield code="g">79.00</subfield>
    <subfield code="i">Bill no:5696; Bill dt:2004-07-12</subfield>
    <subfield code="l">0</subfield>
    <subfield code="o">006.37 ANDT</subfield>
    <subfield code="p">MCA06082</subfield>
    <subfield code="r">2025-07-21 00:00:00</subfield>
    <subfield code="v">59.25</subfield>
    <subfield code="w">2021-07-16</subfield>
    <subfield code="y">BK</subfield>
  </datafield>
</record>
